| 000 | 00708pam a2200217 a 4500 | ||
|---|---|---|---|
| 001 | 3854455 | ||
| 005 | 20180103042156.0 | ||
| 008 | 880129s1988 maua b 000 0 eng | ||
| 010 | _a 88002970 | ||
| 020 |
_a0201072629 : _c$39.95 |
||
| 040 |
_aDLC _cDLC _dDLC |
||
| 041 | _aeng | ||
| 080 | _a525 | ||
| 082 | 0 | 0 |
_a525 KEL _220 |
| 100 | _a42 | ||
| 101 | _aAST | ||
| 245 | 0 | 4 |
_aThe Home planet / _cconceived and edited by Kevin W. Kelley for the Association of Space Explorers ; [foreword by Jacques-Yves Cousteau, preface by Russell L. Schweickart, preface by Oleg Makarov]. |
| 504 | _aIncludes bibliographical references. | ||
| 906 |
_a7 _bcbc _corignew _d1 _eocip _f19 _gy-gencatlg |
||
| 942 |
_2ddc _cBK |
||
| 999 |
_c39611 _d39611 |
||